陕西省辖县级行政区地图 County-level administrative divisions of Shaanxi - Statistics

General Stats
  • This quiz has been taken 1 103 times
  • The average score is 52 of 107
Answers on the Map
Answers color-coded by a green-red scale on the quiz's map according to % correct below.
 
Answer Stats
县级类 地名 % Correct
市辖区 长安区
83%
市辖区 雁塔区
81%
县级市 神木市
81%
市辖区 未央区
79%
市辖区 碑林区
76%
周至县
73%
市辖区 临潼区
71%
蓝田县
69%
市辖区 灞桥区
68%
市辖区 鄠邑区
67%
市辖区 莲湖区
67%
市辖区 秦都区
67%
县级市 华阴市
66%
市辖区 新城区
64%
府谷县
63%
市辖区 宝塔区
62%
市辖区 陈仓区
61%
市辖区 阎良区
61%
县级市 子长市
61%
县级市 韩城市
60%
市辖区 高陵区
60%
富平县
59%
潼关县
58%
市辖区 杨陵区
58%
米脂县
58%
定边县
57%
县级市 彬州市
56%
市辖区 凤翔区
54%
靖边县
54%
大荔县
53%
市辖区 榆阳区
53%
绥德县
52%
太白县
51%
武功县
51%
志丹县
51%
扶风县
50%
佛坪县
50%
市辖区 商州区
50%
市辖区 耀州区
50%
市辖区 渭城区
50%
泾阳县
50%
乾县
50%
三原县
50%
县级市 兴平市
49%
延长县
49%
紫阳县
48%
市辖区 渭滨区
48%
岐山县
48%
富县
48%
眉县
47%
洋县
47%
市辖区 华州区
47%
市辖区 临渭区
47%
白水县
47%
黄陵县
47%
洛川县
47%
柞水县
46%
市辖区 安塞区
46%
佳县
46%
子洲县
46%
县级市 旬阳市
45%
凤县
45%
礼泉县
45%
市辖区 南郑区
44%
勉县
44%
商南县
44%
吴起县
44%
延川县
44%
陇县
43%
宁强县
43%
蒲城县
43%
丹凤县
42%
洛南县
42%
市辖区 王益区
42%
清涧县
42%
市辖区 汉滨区
41%
城固县
41%
市辖区 印台区
41%
旬邑县
41%
吴堡县
41%
麟游县
40%
长武县
40%
汉阴县
39%
镇坪县
39%
宜君县
39%
市辖区 横山区
39%
白河县
38%
市辖区 金台区
38%
市辖区 汉台区
38%
澄城县
38%
千阳县
37%
黄龙县
37%
宁陕县
36%
合阳县
36%
宜川县
36%
镇巴县
35%
甘泉县
35%
略阳县
34%
山阳县
34%
镇安县
34%
岚皋县
31%
淳化县
31%
永寿县
31%
平利县
30%
石泉县
30%
留坝县
29%
西乡县
29%
No matching quizzes found
Score Distribution
Percent of People with Each Score
Percentile by Number Answered
Your Score History
You have not taken this quiz